000 004360000a22001810004500
003 MACL
005 20150908113032.0
008 150908b xxu||||| |||| 00| 0 eng d
040 _aMACL
_cMACL
041 _aEnglish
082 _a821
100 _aAwasthy, Rajendra
_99121
245 _aNew Voices Of Indian Poetry
260 _bVikas Publishing House
_c1985
_aDelhi
350 _a30
650 _aPoetry
_99122
942 _cBK
_k821
_2ddc
999 _c6251
_d6251